000 00843nam a2200277Ia 4500
003 OSt
005 20220924124336.0
006 a|||||r|||| 00| 0
007 ta
008 220923b |||||||| |||| 00| 0 urd d
020 _a8175870788 (pbk)
020 _c177
024 _a290338
037 _b4688, 09/03/2016, Kitabi Duniya
_cTextual
040 _aARTS
_cARTS
_burd
041 _2urd
_aurd
082 _aV2y7N31, 168P5
100 _aAbul Kalam A.P.J. Au.
_9195507
245 0 _aParwaz
260 _aNew Delhi
_b Qaumi Council Bara-e-Farogh Urdu Zuban India
_c2005
300 _a201p.
_ccm.
650 _aINDIA - HISTORY
700 _a Tiwari Arun Tr.
_9195508
942 _hV2y7N31, 168P5
_cTEXL
_2CC
999 _c419337
_d419337